Romances
Saved in:
| Hovedforfatter: | |
|---|---|
| Format: | Bog |
| Sprog: | spansk |
| Udgivet: |
Madrid
La Lectura
1912
|
| Serier: | Clásicos Castellanos, 9
|
| Fag: | |
| Tags: |
Tilføj Tag
Ingen Tags, Vær først til at tagge denne postø!
|
MARC
| LEADER | 00000nam a2200000 a 4500 | ||
|---|---|---|---|
| 001 | UCX5261 | ||
| 003 | CL-VaPUC | ||
| 008 | 921016e19120000SP |||||||||||||||||spa|d | ||
| 082 | 0 | 4 | |a 861 |b RIV |2 21 |
| 100 | 0 | |a Rivas, Duque de |e author |9 318968 | |
| 245 | 1 | 0 | |a Romances |
| 300 | |a 2 v | ||
| 942 | |c BK | ||
| 945 | |d 19921016 00:00:00 | ||
| 260 | |a Madrid |b La Lectura |c 1912 | ||
| 650 | 0 | |a Poesías españolas |9 265100 | |
| 650 | 7 | |a POESIAS EPICAS ESPAÑOLAS |2 CL-VaPUC |9 267774 | |
| 583 | |a last modification |c 19921016 00:00:00 |k Rodrigo Vera | ||
| 490 | 0 | |a Clásicos Castellanos, 9 | |
| 999 | |c 225554 |d 225552 | ||
| 952 | |0 0 |1 0 |4 0 |6 861_000000000000000_RIV_1912 |7 0 |8 A |9 223161 |a FDOPOS |b FDOPOS |d 2019-11-15 |h v.1 |i 2920034 |o 861 RIV 1912 |p 2920034 |r 2025-01-22 |w 2019-11-15 |y BK |k MLH | ||
| 952 | |0 0 |1 0 |4 0 |6 861_000000000000000_RIV_1912 |7 0 |8 A |9 223162 |a FDOPOS |b FDOPOS |d 2019-11-15 |h v.2 |i 2920042 |o 861 RIV 1912 |p 2920042 |r 2025-01-22 |w 2019-11-15 |y BK |k MLH | ||